Ligue 1: passeurs décisifs 2020/2021 - Statistiques

Statistiques générales
  • Ce quiz a été pris 82 fois
  • Le résultat moyen est 11 sur 19
Statistiques - réponses
Club et nombre Joueur % Correct
Paris 7 Mbappé
94%
Marseille 10 Payet
94%
Paris 9 Di Maria
82%
Monaco 7 Ben Yedder
78%
Montpellier 9 Delort
75%
Montpellier 8 Laborde
70%
Lille 9 Bamba
69%
Lyon 12 Depay
69%
Monaco 7 Volland
66%
Monaco 9 Golovin
62%
Lens 6 Clauss
60%
Marseille 8 Thauvin
58%
Rennes 7 Terrier
56%
Lyon 6 Toko Ekambi
56%
Nîmes 10 Ferhat
48%
Nice 7 Gouiri
45%
Metz 8 Boulaya
36%
Montpellier 6 Sambia
19%
Brest 7 Perraud
12%
Aucun quiz correspondant
Distribution des résultats
% des personnes avec chaque résultat
Percentile par nombre de réponses
Votre historique - résultats
Vous n’avez pas pris ce quiz